000
00302nam a22001337a 4500
020
_a
0-7214-0235-6
082
_a
001
_b
FIN/S
100
_a
FIN, IAN F
245
_a
LEARN ABOUT STAMP COLLECTING
260
_a
ENGLAND
_b
LADYBIRD
300
_a
52
650
_a
ABOUT STAMP COLLECTING
_z
ENGLAND
942
_c
BK
999
_c
1837
_d
1837